| 000 | 00493nam a2200157 4500 | ||
|---|---|---|---|
| 001 | 117204 | ||
| 003 | ES-MaACL | ||
| 005 | 20230906190840.0 | ||
| 007 | t| | ||
| 008 | 070301s1933 bo r ||||1| spa d | ||
| 100 | 1 |
_aPaz, Román. _989761 |
|
| 245 | 1 | 0 |
_aDiferendo belico del Chaco _b: aspectos de actualidad / _cpro Juris et Honoris por el Dr. Román Paz. |
| 260 |
_aLa Paz [Bolivia] : _b[s. n.], _cImp. Renacimiento ( _f1933) |
||
| 300 |
_a100 p. ; _c18 cm. |
||
| 852 |
_aES-MaACL _j1815-F-15 |
||
| 999 |
_c117204 _d117204 |
||